| 000 -LEADER | |
|---|---|
| fixed length control field | 00389nam a22001577a 4500 |
| 005 - DATE AND TIME OF LATEST TRANSACTION | |
| control field | 20160903170131.0 |
| 008 - FIXED-LENGTH DATA ELEMENTS--GENERAL INFORMATION | |
| fixed length control field | 160903b xxu||||| |||| 00| 0 eng d |
| 020 ## - INTERNATIONAL STANDARD BOOK NUMBER | |
| ISBN | 978-93-85000-82-9 |
| 041 ## - LANGUAGE CODE | |
| Language code of text/sound track or separate title | eng |
| 100 ## - MAIN ENTRY--AUTHOR NAME | |
| Personal name | BANERJEE,SUDERSHAN AND OTHERS |
| 245 ## - TITLE STATEMENT | |
| Title | EFFECTIVE BUSINESS COMMUNICATION |
| 260 ## - PUBLICATION, DISTRIBUTION, ETC. (IMPRINT) | |
| Name of publisher | CEGR |
| Year of publication | 2016 |
| 300 ## - PHYSICAL DESCRIPTION | |
| Number of Pages | 685 |
| 650 ## - SUBJECT ADDED ENTRY--TOPICAL TERM | |
| Topical Term | MANAGEMENT |
| 942 ## - ADDED ENTRY ELEMENTS (KOHA) | |
| Koha item type | Books |
| Lost status | Damaged status | Collection code | Home library | Current library | Shelving location | Date acquired | Source of acquisition | Cost, normal purchase price | Accession Number | Copy number | Koha item type |
|---|---|---|---|---|---|---|---|---|---|---|---|
| Reference | JRU Library | SHELF-29-B | 03/09/2016 | PURCHASE | 685.00 | 20992 | 5 | Books | |||
| MANAGEMENT | JRU Library | JRU Library | SHELF-62 -M | 03/09/2016 | PURCHASE | 685.00 | 20993 | Books | |||
| MANAGEMENT | JRU Library | JRU Library | SHELF-62 -M | 03/09/2016 | PURCHASE | 685.00 | 20994 | 5 | Books | ||
| JRU Library | 03/09/2016 | PURCHASE | 685.00 | 20995 | 5 | Books | |||||
| LIFE SKILL | JRU Library | JRU Library | SHELF-46-E | 03/09/2016 | PURCHASE | 685.00 | 20996 | Books |